Sanctuary and requiem for a num

Kaydedildi:
Detaylı Bibliyografya
Yazar: Faulkner, William (Yazar)
Materyal Türü: Kitap
Dil:İngilizce
Baskı/Yayın Bilgisi: Nueva York The New American Library 1954
Konular:
Etiketler: Etiketle
Etiket eklenmemiş, İlk siz ekleyin!

MARC

LEADER 00000nam a2200000 a 4500
001 UCT5100
003 CL-VaPUC
008 961129e19540000US |||||||||||||||||eng|d
082 0 4 |a 813  |b FAU  |2 21 
100 0 |a Faulkner, William  |e author  |9 313148 
245 1 0 |a Sanctuary and requiem for a num 
300 |a 336 p 
942 |c BK 
945 |d 19961129 00:00:00  |a rleighto 
260 |a Nueva York  |b The New American Library  |c 1954 
650 0 |a Novelas estadounidenses  |9 265217 
583 |a last modification  |c 19961129 00:00:00  |k Rodrigo Vera 
999 |c 254119  |d 254117 
952 |0 0  |1 0  |4 0  |6 813_000000000000000_FAU_1954  |7 0  |8 A  |9 275528  |a BIBEDU  |b BIBEDU  |d 2019-11-19  |i 3254674  |o 813 FAU 1954  |p 3254674  |r 2019-11-19  |w 2019-11-19  |y BK  |k LIT